| 000 | 00678nam a2200181 a 4500 | ||
|---|---|---|---|
| 005 | 20221118063444.0 | ||
| 008 | 991125s1930 es 000 0 spa u | ||
| 035 | _aUPN01000007230 | ||
| 049 | _aLT | ||
| 050 | 4 |
_aLB1573 M6 _bG6.3 |
|
| 100 | 1 | _aGonzález Seijas, José | |
| 245 | 1 | 0 |
_aCatón metódico de los niños : _bdispuesto para aprender a leer / _cpor José González Seijas ; correg. y aum. por Victoriano Hernando. |
| 260 |
_aMadrid : _bS. Calleja, _c[1930?]: |
||
| 300 |
_a94 p. : _bil. |
||
| 500 | _a"Aprobado por la Dirección General de Estudios para que sirva de texto en las escuelas" | ||
| 650 | 4 |
_aLectura _xEstudio y enseñanza (Elemental) _92805 |
|
| 905 | _aLibro | ||
| 999 |
_c7230 _d7230 |
||